000 00438nam a22001337a 4500
040 _cNUST
082 _a200 THE
100 _aMaryam Naveed
_989209
110 _aSupervisor Dr. Sajid Gul Khawaja
245 _aTH-SOF-2001-sEMG Signal Analysis using Hand Crafted Features for Detection and Classification of GTC Seizures
260 _aISLAMABAD:
_bNUST COLLEGE OF EME,
_c2022.
650 _aMS-COMPUTER ENGINEERING-19
942 _2ddc
_cTHE
999 _c590317
_d590317